000 00275nam a22001337a 4500
008 181101b xxu||||| |||| 00| 0 eng d
020 _a0825025083
041 _aeng
080 _a710
100 _a45
101 _aART
245 _aTwachtman
_cBoyle.R.J
942 _2udc
_cBK
999 _c51562
_d51562